000 00693nam a2200277Ia 4500
003 OSt
005 20220924153709.0
006 a|||||r|||| 00| 0
007 ta
008 220923b |||||||| |||| 00| 0 tam d
020 _a8123402880
020 _c18.00
024 _a351365
037 _cTextual
040 _aARTS
_cARTS
_btam
041 _2tam
_atam
082 _aO31,1M91x, N4
100 _aIlango S.S Ed.
_9229566
245 0 _aUlagam unn uier Bharathi Dhaasan
260 _c1994
300 _a110p.
_ccm.
650 _a TAMIL POETRY
650 _aTAMIL LITERATURE
942 _hO31,1M91x, N4
_cTEXL
_2CC
999 _c474561
_d474561